Στ' Άγραφα
Αποθηκεύτηκε σε:
| Κύριος συγγραφέας: | |
|---|---|
| Άλλοι συγγραφείς: | |
| Μορφή: | Βιβλίο |
| Γλώσσα: | Greek |
| Δημοσίευση: |
Αθήνα :
Μίλητος,
[2000;]
|
| Θέματα: | |
| Ετικέτες: |
Προσθήκη ετικέτας
Δεν υπάρχουν, Καταχωρήστε ετικέτα πρώτοι!
|
MARC
| LEADER | 00000cam a2200000 i 4500 | ||
|---|---|---|---|
| 001 | 1/22983 | ||
| 008 | 060126s2000 gre d | ||
| 020 | |a 960-8460-13-1 | ||
| 035 | |l 10082297 | ||
| 040 | |a GR-MY-UA |b gre |e aacr | ||
| 041 | 0 | |a gre | |
| 082 | 0 | |a 770.9495 |2 (22) | |
| 100 | 1 | |a Ντάσιος, Τάκης. | |
| 245 | 1 | 0 | |a Στ' Άγραφα / |c Τάκης Ντάσιος |
| 260 | |a Αθήνα : |b Μίλητος, |c [2000;] | ||
| 300 | |a 264 σ.; |b εγχρ. εικ.; |c 29 x 25 εκ. | ||
| 651 | 0 | |a Agrapha (Greece) |x Pictorial works. | |
| 700 | 1 | |4 aui |a Μελετζής, Σπύρος, |d 1906-2003. | |
| 852 | |a INST |b RHODES |c KRI |e 20060126 |h 770.9495 ΝΤΑ |p 005400021626 |q 005400021626 |t REF |y 23 | ||
| 901 | |a BIBL4-2006-1 | ||
| 909 | |a Ρ |b 122995 | ||
| 970 | |a ΚΟΖΑ |b ΜΑΡΙΑ |z 2006/01/26 | ||